000 00727nam a2200217 i 4500
001 C2-0219291
003 PPAK
005 20180728111558.0
008 990825s1996 my a|||| ||||| | may d
040 _aPPAK
_beng
_cPPAK
_erda
082 0 4 _a711.409595112
_2 23
090 0 0 _a711.409595112
_bRAN
_dKK
245 0 0 _aRancangan Struktur Majlis Daerah Bandar Baharu 1990-2010
264 1 _aBandar Baharu, Kedah :
_bMajlis Daerah Bandar Baharu ,
_c1996
300 _billustrations ;
_c30 cm
336 _2rdacontent
_atext
337 _2rdamedia
_aunmediated
338 _2rdacarrier
_avolume
650 1 0 _aLocal government ; Land use - Kedah - Bandar Baharu - Planning ; City planning - Kedah - Bandar Baharu
942 _ddc
_cB
999 _c161886
_d161886